<?xml version="1.0" encoding="UTF-8"?>
<record
    xmlns:xsi="http://www.w3.org/2001/XMLSchema-instance"
    xsi:schemaLocation="http://www.loc.gov/MARC21/slim http://www.loc.gov/standards/marcxml/schema/MARC21slim.xsd"
    xmlns="http://www.loc.gov/MARC21/slim">

  <leader>00607    a2200193   4500</leader>
  <datafield tag="999" ind1=" " ind2=" ">
    <subfield code="c">183073</subfield>
    <subfield code="d">183073</subfield>
  </datafield>
  <controlfield tag="005">20211216120625.0</controlfield>
  <datafield tag="010" ind1=" " ind2=" ">
    <subfield code="a">ENG-130345</subfield>
  </datafield>
  <datafield tag="020" ind1=" " ind2=" ">
    <subfield code="c">980.00</subfield>
    <subfield code="a">978-93-83445-49-3</subfield>
  </datafield>
  <datafield tag="035" ind1=" " ind2=" ">
    <subfield code="a">EN-113877</subfield>
  </datafield>
  <datafield tag="037" ind1=" " ind2=" ">
    <subfield code="b">DBAD /  PUB</subfield>
  </datafield>
  <datafield tag="082" ind1=" " ind2=" ">
    <subfield code="a">327.54058</subfield>
  </datafield>
  <datafield tag="245" ind1=" " ind2=" ">
    <subfield code="a">India-Centra Asia Relations The Road Ahead:</subfield>
    <subfield code="c">Edited by Athar Zafar</subfield>
  </datafield>
  <datafield tag="250" ind1=" " ind2=" ">
    <subfield code="a">2021</subfield>
  </datafield>
  <datafield tag="260" ind1=" " ind2=" ">
    <subfield code="b">KW Publishers Pvt Ltd</subfield>
    <subfield code="c">2021</subfield>
    <subfield code="a">New Delhi</subfield>
  </datafield>
  <datafield tag="270" ind1=" " ind2=" ">
    <subfield code="b">New Delhi</subfield>
    <subfield code="a">4676/21, First Floor, Ansari Road, Daryaganj</subfield>
    <subfield code="e">110002</subfield>
  </datafield>
  <datafield tag="300" ind1=" " ind2=" ">
    <subfield code="a">xi, 184p.</subfield>
    <subfield code="c">24cm (hbk)</subfield>
  </datafield>
  <datafield tag="700" ind1=" " ind2=" ">
    <subfield code="a">Zafar, Athar</subfield>
  </datafield>
  <datafield tag="942" ind1=" " ind2=" ">
    <subfield code="a">dpl</subfield>
    <subfield code="c">EN</subfield>
    <subfield code="2">ddc</subfield>
    <subfield code="h">327.54058</subfield>
    <subfield code="m">IND</subfield>
  </datafield>
  <datafield tag="952" ind1=" " ind2=" ">
    <subfield code="0">0</subfield>
    <subfield code="1">0</subfield>
    <subfield code="4">0</subfield>
    <subfield code="7">0</subfield>
    <subfield code="8">NFIC</subfield>
    <subfield code="a">BL4</subfield>
    <subfield code="b">BL4</subfield>
    <subfield code="d">2021-12-16</subfield>
    <subfield code="e">DBAD/PUB</subfield>
    <subfield code="g">980.00</subfield>
    <subfield code="l">1</subfield>
    <subfield code="o">327.54058 IND</subfield>
    <subfield code="p">EN-113877</subfield>
    <subfield code="r">2023-03-11 00:00:00</subfield>
    <subfield code="s">2023-02-23</subfield>
    <subfield code="t">1</subfield>
    <subfield code="v">980.00</subfield>
    <subfield code="y">EN</subfield>
  </datafield>
</record>
